00661nai a2200169Ia 4500003000900000008004100009022002200050022002300072040001600095245006100111260008600172310001400258362002900272521006900301650003300370856008800403IN-BaIIA211028c9999 xx s 000 0 eng d a1042-296X (Print) a2374-958X (Online) cIIA Library 0aIEEE Transactions on Robotics and Automationh[eJournal] aNew York, USAbThe Institute of Electrical and Electronics Engineers, Inc. (IEEE) aBimonthly a5(1); 1989 - 20(3); 2004 bSubscribed through National Knowledge Resource Consortium (NKRC) aRobotics and Control Systems uhttps://ieeexplore.ieee.org/servlet/opac?punumber=70yClick Here to Access eJournal